| 000 | 00542nam a22001937a 4500 | ||
|---|---|---|---|
| 003 | CEME | ||
| 005 | 20210628203052.0 | ||
| 008 | 210218b xxu||||| |||| 00| 0 eng d | ||
| 020 | _a81-7808-111-3 | ||
| 040 | _c. | ||
| 082 | _a005.133 KNU | ||
| 100 |
_aKnuth, Donald.E _963140 |
||
| 245 | _aThe art of computer programming, fundamental algorithms,vol-1 | ||
| 250 | _a3RD | ||
| 260 |
_aINDIA _bPEARSON EDUCATION ASIAINDIA _c2002 |
||
| 300 | _aXIX,650P | ||
| 650 |
_aCOMPUTER PROGRAMMING-FUNDAMENTAL ALGORITHMS _963141 |
||
| 942 |
_cBK _2ddc |
||
| 999 |
_c572058 _d572058 |
||